Textbook of organic chemistry / (Record no. 6295)

MARC details
000 -LEADER
fixed length control field 00580cam a22002051 4500
001 - CONTROL NUMBER
control field BD-DhSAU 6295
003 - CONTROL NUMBER IDENTIFIER
control field BD-DhSAU
005 - DATE AND TIME OF LATEST TRANSACTION
control field 20150507140613.0
008 - FIXED-LENGTH DATA ELEMENTS--GENERAL INFORMATION
fixed length control field 750402s1950 maua 000 0 eng
040 ## - CATALOGING SOURCE
Original cataloging agency BD-DhSAU
082 ## - DEWEY DECIMAL CLASSIFICATION NUMBER
Classification number 547
Edition number 22
Item number FIT
100 1# - MAIN ENTRY--PERSONAL NAME
Personal name Fieser, Louis F.
245 00 - TITLE STATEMENT
Title Textbook of organic chemistry /
Statement of responsibility, etc. by Louis F. Fieser and Mary Fieser.
260 ## - PUBLICATION, DISTRIBUTION, ETC. (IMPRINT)
Place of publication, distribution, etc. Boston :
Name of publisher, distributor, etc. Heath ,
Date of publication, distribution, etc. c1950.
300 ## - PHYSICAL DESCRIPTION
Extent viii, 741 p.:
Other physical details ill. ;
Dimensions 25 cm.
504 ## - BIBLIOGRAPHY, ETC. NOTE
Bibliography, etc Includes bibliographies and index
590 ## - Name of Cataloguer
Name of Cataloger IMRAN
650 #0 - SUBJECT ADDED ENTRY--TOPICAL TERM
Topical term or geographic name as entry element Chemistry, Organic.
700 1# - ADDED ENTRY--PERSONAL NAME
Personal name Fieser, Mary,
942 ## - ADDED ENTRY ELEMENTS (KOHA)
Source of classification or shelving scheme Dewey Decimal Classification
Koha item type Book
Holdings
Withdrawn status Lost status Source of classification or shelving scheme Damaged status Not for loan Home library Branch Name Shelving location Date acquired Total Checkouts Full call number Barcode Date last seen Price effective from Koha item type
    Dewey Decimal Classification   Not For Loan SAU Library SAU Library Reference 29/03/1979   547 FIT 2700 07/05/2015 07/05/2015 Book